[Event "Masters Tournament (MTO)"]
[Site "Biel, CH"]
[Date "2025.07.22"]
[Round "8"]
[White "Schnell, Simon"]
[Black "Gafner, Lancelot"]
[Result "1-0"]
[Board "41"]
[WhiteFideId "1345311"]
[BlackFideId "1345818"]
[WhiteElo "2144"]
[BlackElo "1901"]
[WhiteTeam "SUI"]
[BlackTeam "SUI"]
[WhiteClock "0:20:14"]
[BlackClock "0:12:52"]
[Variant "Standard"]

1. d4 {[%clk 1:40:58]}  d5 {[%clk 1:40:53]} 2. c4 {[%clk 1:41:23]}  e6 {[%clk 1:41:19]} 3. Nc3 {[%clk 1:41:48]}  Nf6 {[%clk 1:41:45]} 4. cxd5 {[%clk 1:42:14]}  exd5 {[%clk 1:42:11]} 5. Bg5 {[%clk 1:42:37]}  Be7 {[%clk 1:42:37]} 6. e3 {[%clk 1:43:03]}  O-O {[%clk 1:43:02]} 7. Bd3 {[%clk 1:43:30]}  Nbd7 {[%clk 1:43:18]} 8. Nge2 {[%clk 1:43:52]}  c6 {[%clk 1:43:20]} 9. Qc2 {[%clk 1:44:14]}  Re8 {[%clk 1:43:45]} 10. O-O {[%clk 1:44:40]}  Nf8 {[%clk 1:44:07]} 11. Rae1 {[%clk 1:45:07]}  Ng6 {[%clk 1:44:14]} 12. Ng3 {[%clk 1:43:17]}  Be6 {[%clk 1:32:21]} 13. h3 {[%clk 1:37:07]}  Bd6 {[%clk 1:20:56]} 14. Nh5 {[%clk 1:25:03]}  Be7 {[%clk 1:19:49]} 15. Bxf6 {[%clk 1:20:02]}  Bxf6 {[%clk 1:19:57]} 16. f4 {[%clk 1:19:24]}  Nf8 {[%clk 1:16:53]} 17. f5 {[%clk 1:19:50]}  Bd7 {[%clk 1:16:41]} 18. Kh1 {[%clk 1:15:17]}  Bxd4 {[%clk 0:54:32]} 19. exd4 {[%clk 0:52:56]}  Rxe1 {[%clk 1:12:54]} 20. Rxe1 {[%clk 0:53:25]}  Qh4 {[%clk 1:13:11]} 21. Qd1 {[%clk 0:53:44]}  g6 {[%clk 1:12:52]} 22. fxg6 {[%clk 0:53:58]}  hxg6 {[%clk 1:12:50]} 23. Re5 {[%clk 0:47:56]}  Re8 {[%clk 1:04:41]} 24. Qf3 {[%clk 0:39:39]}  gxh5 {[%clk 0:49:33]} 25. Rxh5 {[%clk 0:34:00]}  Qe1+ {[%clk 0:49:32]} 26. Kh2 {[%clk 0:32:18]}  Re3 {[%clk 0:47:25]} 27. Rg5+ {[%clk 0:32:41]}  Ng6 {[%clk 0:47:20]} 28. Qf6 {[%clk 0:31:04]}  Be8 {[%clk 0:38:53]} 29. Bxg6 {[%clk 0:31:08]}  fxg6 {[%clk 0:38:56]} 30. Rg4 {[%clk 0:30:01]}  Re6 {[%clk 0:36:57]} 31. Qf4 {[%clk 0:26:26]}  Kg7 {[%clk 0:29:08]} 32. Rg3 {[%clk 0:21:37]}  Rf6 {[%clk 0:27:43]} 33. Qe3 {[%clk 0:21:51]}  Rf1 {[%clk 0:22:50]} 34. Qxe1 {[%clk 0:22:06]}  Rxe1 {[%clk 0:23:14]} 35. Rd3 {[%clk 0:21:45]}  Bd7 {[%clk 0:22:18]} 36. Kg3 {[%clk 0:16:24]}  Bf5 {[%clk 0:19:08]} 37. Rd1 {[%clk 0:15:53]}  Re7 {[%clk 0:18:13]} 38. Rd2 {[%clk 0:12:12]}  Re1 {[%clk 0:16:04]} 39. Re2 {[%clk 0:10:41]}  Rxe2 {[%clk 0:15:19]} 40. Nxe2 {[%clk 0:11:09]}  Kf6 {[%clk 0:13:01]} 41. b4 {[%clk 0:09:58]}  Bd3 {[%clk 0:14:30]} 42. Nc3 {[%clk 0:08:19]}  Ke6 {[%clk 0:09:53]} 43. h4 {[%clk 0:02:27]}  b6 {[%clk 0:08:38]} 44. Kf4 {[%clk 0:02:30]}  Kd6 {[%clk 0:05:44]} 45. g4 {[%clk 0:01:08]}  c5 {[%clk 0:03:34]} 46. bxc5+ {[%clk 0:29:51]}  bxc5 {[%clk 0:33:55]} 47. Ke3 {[%clk 0:30:07]}  Bc4 {[%clk 0:15:51]} 48. a3 {[%clk 0:24:33]}  cxd4+ {[%clk 0:15:07]} 49. Kxd4 {[%clk 0:25:00]}  Ke6 {[%clk 0:12:14]} 50. h5 {[%clk 0:19:11]}  gxh5 {[%clk 0:11:55]} 51. gxh5 {[%clk 0:19:39]}  Kf6 {[%clk 0:12:01]} 52. Nxd5+ {[%clk 0:19:35]}  Bxd5 {[%clk 0:12:16]} 53. Kxd5 {[%clk 0:20:03]}  Kg5 {[%clk 0:12:41]} 54. a4 {[%clk 0:18:15]}  Kxh5 {[%clk 0:13:05]} 55. a5 {[%clk 0:18:38]}  Kg6 {[%clk 0:13:13]} 56. Kc6 {[%clk 0:19:04]}  Kf7 {[%clk 0:13:19]} 57. Kb7 {[%clk 0:19:24]}  Ke7 {[%clk 0:12:26]} 58. Kxa7 {[%clk 0:19:48]}  Kd7 {[%clk 0:12:52]} 59. Kb7 {[%clk 0:20:14]} 1-0

[Event "Masters Tournament (MTO)"]
[Site "Biel, CH"]
[Date "2025.07.22"]
[Round "8"]
[White "Pisan, Kai"]
[Black "Harish, Neeraj"]
[Result "1/2-1/2"]
[Board "42"]
[WhiteFideId "39904881"]
[BlackFideId "30958130"]
[BlackTitle "CM"]
[WhiteElo "1995"]
[BlackElo "2212"]
[WhiteTeam "USA"]
[BlackTeam "USA"]
[WhiteClock "0:19:36"]
[BlackClock "0:46:50"]
[Variant "Standard"]

1. Nf3 {[%clk 1:40:53]}  d5 {[%clk 1:40:42]} 2. d4 {[%clk 1:41:15]}  Nf6 {[%clk 1:40:55]} 3. c4 {[%clk 1:41:36]}  e6 {[%clk 1:41:19]} 4. g3 {[%clk 1:41:58]}  Bb4+ {[%clk 1:41:13]} 5. Nbd2 {[%clk 1:41:02]}  O-O {[%clk 1:40:45]} 6. Bg2 {[%clk 1:42:36]}  dxc4 {[%clk 1:37:04]} 7. Qc2 {[%clk 1:38:51]}  b5 {[%clk 1:28:24]} 8. O-O {[%clk 1:31:57]}  Bb7 {[%clk 1:22:14]} 9. a4 {[%clk 1:25:25]}  c6 {[%clk 1:13:32]} 10. b3 {[%clk 1:18:34]}  cxb3 {[%clk 1:27:55]} 11. Qxb3 {[%clk 1:14:45]}  a5 {[%clk 1:25:34]} 12. Bb2 {[%clk 1:09:22]}  Nbd7 {[%clk 1:23:42]} 13. Rfd1 {[%clk 1:05:14]}  Nb6 {[%clk 1:13:02]} 14. axb5 {[%clk 1:04:27]}  cxb5 {[%clk 1:15:31]} 15. Qd3 {[%clk 0:51:14]}  Nc4 {[%clk 1:12:51]} 16. Nxc4 {[%clk 0:57:31]}  bxc4 {[%clk 1:12:17]} 17. Qxc4 {[%clk 0:56:07]}  Ba6 {[%clk 1:04:20]} 18. Qa2 {[%clk 0:54:48]}  Bxe2 {[%clk 1:01:57]} 19. Rdc1 {[%clk 0:54:28]}  Nd5 {[%clk 1:03:01]} 20. Ne5 {[%clk 0:47:04]}  Bb5 {[%clk 0:58:34]} 21. Rc2 {[%clk 0:38:31]}  Qd6 {[%clk 0:49:32]} 22. Ba3 {[%clk 0:30:56]}  h6 {[%clk 0:41:34]} 23. Rb2 {[%clk 0:26:39]}  Rab8 {[%clk 0:35:46]} 24. Bxb4 {[%clk 0:24:40]}  axb4 {[%clk 0:39:39]} 25. Bxd5 {[%clk 0:24:24]}  exd5 {[%clk 0:38:51]} 26. Qb3 {[%clk 0:20:59]}  Bc4 {[%clk 0:30:15]} 27. Nxc4 {[%clk 0:19:03]}  dxc4 {[%clk 0:32:40]} 28. Qxc4 {[%clk 0:19:24]}  Rfc8 {[%clk 0:33:00]} 29. Qd3 {[%clk 0:19:11]}  Qd5 {[%clk 0:30:01]} 30. Qd2 {[%clk 0:17:34]}  Rc4 {[%clk 0:32:27]} 31. Rd1 {[%clk 0:14:14]}  h5 {[%clk 0:29:21]} 32. h4 {[%clk 0:17:09]}  g6 {[%clk 0:26:58]} 33. Kh2 {[%clk 0:16:12]}  b3 {[%clk 0:25:40]} 34. Qd3 {[%clk 0:15:00]}  Rbb4 {[%clk 0:17:20]} 35. Qe3 {[%clk 0:08:54]}  Rc2 {[%clk 0:19:14]} 36. Rdb1 {[%clk 0:06:15]}  Qxd4 {[%clk 0:16:11]} 37. Qxd4 {[%clk 0:04:16]}  Rxd4 {[%clk 0:15:51]} 38. Rxc2 {[%clk 0:02:10]}  bxc2 {[%clk 0:16:59]} 39. Rb8+ {[%clk 0:02:32]}  Kg7 {[%clk 0:17:24]} 40. Rc8 {[%clk 0:02:52]}  Rd2 {[%clk 0:17:45]} 41. Kg2 {[%clk 0:02:57]}  f5 {[%clk 0:11:24]} 42. Kf3 {[%clk 0:01:09]}  f4 {[%clk 0:13:47]} 43. gxf4 {[%clk 0:29:41]}  Rd3+ {[%clk 0:44:07]} 44. Kg2 {[%clk 0:29:42]}  Rd4 {[%clk 0:43:53]} 45. Kg3 {[%clk 0:29:37]}  Rd2 {[%clk 0:43:47]} 46. Kf3 {[%clk 0:28:40]}  Kf6 {[%clk 0:43:32]} 47. Ke3 {[%clk 0:27:29]}  Rd1 {[%clk 0:43:56]} 48. Rxc2 {[%clk 0:27:49]}  Rh1 {[%clk 0:44:21]} 49. Rc6+ {[%clk 0:27:34]}  Kf5 {[%clk 0:44:38]} 50. Rc5+ {[%clk 0:26:55]}  Kf6 {[%clk 0:44:41]} 51. Rc6+ {[%clk 0:25:50]}  Kg7 {[%clk 0:45:04]} 52. f5 {[%clk 0:23:23]}  gxf5 {[%clk 0:45:18]} 53. Kf4 {[%clk 0:23:28]}  Rxh4+ {[%clk 0:45:37]} 54. Kxf5 {[%clk 0:23:45]}  Ra4 {[%clk 0:45:56]} 55. Rc7+ {[%clk 0:21:34]}  Kh6 {[%clk 0:46:08]} 56. Rc6+ {[%clk 0:21:46]}  Kg7 {[%clk 0:46:30]} 57. Rc7+ {[%clk 0:19:36]}  Kh6 {[%clk 0:46:50]} 1/2-1/2

[Event "Masters Tournament (MTO)"]
[Site "Biel, CH"]
[Date "2025.07.22"]
[Round "8"]
[White "Monteverde, Jonathan"]
[Black "Jordan, Theodor"]
[Result "0-1"]
[Board "43"]
[WhiteFideId "1314580"]
[BlackFideId "1353152"]
[WhiteElo "2127"]
[BlackElo "1934"]
[WhiteTeam "SUI"]
[BlackTeam "SUI"]
[WhiteClock "0:20:51"]
[BlackClock "0:57:31"]
[Variant "Standard"]

1. d4 {[%clk 1:40:57]}  d5 {[%clk 1:40:12]} 2. c4 {[%clk 1:41:19]}  c6 {[%clk 1:40:36]} 3. cxd5 {[%clk 1:41:42]}  cxd5 {[%clk 1:41:05]} 4. Bf4 {[%clk 1:42:03]}  Qb6 {[%clk 1:41:31]} 5. Nc3 {[%clk 1:34:46]}  e6 {[%clk 1:41:57]} 6. e3 {[%clk 1:32:32]}  Qxb2 {[%clk 1:39:01]} 7. Bb5+ {[%clk 1:31:56]}  Bd7 {[%clk 1:34:12]} 8. Bxd7+ {[%clk 1:31:34]}  Nxd7 {[%clk 1:34:35]} 9. Nge2 {[%clk 1:31:26]}  Bb4 {[%clk 1:34:06]} 10. Rc1 {[%clk 1:19:17]}  Rc8 {[%clk 1:32:11]} 11. O-O {[%clk 1:01:03]}  Bxc3 {[%clk 1:26:37]} 12. Qd3 {[%clk 1:01:01]}  Ngf6 {[%clk 1:24:37]} 13. Rc2 {[%clk 0:36:03]}  Qa3 {[%clk 1:20:37]} 14. Rb1 {[%clk 0:27:35]}  O-O {[%clk 1:16:34]} 15. Rb3 {[%clk 0:27:53]}  Qa5 {[%clk 1:15:14]} 16. Rbxc3 {[%clk 0:27:36]}  Ne4 {[%clk 1:14:17]} 17. h3 {[%clk 0:22:03]}  Nxc3 {[%clk 1:13:12]} 18. Rxc3 {[%clk 0:22:50]}  Rxc3 {[%clk 1:12:26]} 19. Nxc3 {[%clk 0:23:09]}  Rc8 {[%clk 1:11:35]} 20. Nb5 {[%clk 0:23:17]}  Qe1+ {[%clk 1:10:52]} 21. Kh2 {[%clk 0:23:41]}  Qxf2 {[%clk 1:10:49]} 22. Nc7 {[%clk 0:23:25]}  Qb2 {[%clk 1:09:49]} 23. a4 {[%clk 0:21:55]}  Nf6 {[%clk 1:07:34]} 24. a5 {[%clk 0:22:05]}  a6 {[%clk 1:03:44]} 25. Be5 {[%clk 0:22:03]}  Qc1 {[%clk 1:02:37]} 26. e4 {[%clk 0:20:48]}  Nxe4 {[%clk 1:01:38]} 27. Qf3 {[%clk 0:20:51]}  Nd2 {[%clk 0:57:31]} 0-1

[Event "Masters Tournament (MTO)"]
[Site "Biel, CH"]
[Date "2025.07.22"]
[Round "8"]
[White "Papaux, Jeremie"]
[Black "Hornung, Hans, Dr."]
[Result "1-0"]
[Board "45"]
[WhiteFideId "1340867"]
[BlackFideId "4615140"]
[WhiteElo "2020"]
[BlackElo "1905"]
[WhiteTeam "SUI"]
[BlackTeam "GER"]
[WhiteClock "0:39:44"]
[BlackClock "0:14:02"]
[Variant "Standard"]

1. d4 {[%clk 1:40:57]}  Nf6 {[%clk 1:40:27]} 2. c4 {[%clk 1:41:11]}  e6 {[%clk 1:40:36]} 3. Nc3 {[%clk 1:41:37]}  Bb4 {[%clk 1:40:57]} 4. e3 {[%clk 1:42:01]}  b6 {[%clk 1:40:14]} 5. Nge2 {[%clk 1:42:18]}  Ne4 {[%clk 1:39:35]} 6. Qc2 {[%clk 1:39:26]}  Bb7 {[%clk 1:35:41]} 7. a3 {[%clk 1:38:02]}  Bxc3+ {[%clk 1:35:37]} 8. Nxc3 {[%clk 1:38:17]}  f5 {[%clk 1:26:31]} 9. Bd3 {[%clk 1:29:25]}  Nxc3 {[%clk 1:14:59]} 10. bxc3 {[%clk 1:29:35]}  O-O {[%clk 1:13:52]} 11. O-O {[%clk 1:29:39]}  d6 {[%clk 1:11:36]} 12. e4 {[%clk 1:26:16]}  f4 {[%clk 1:07:11]} 13. f3 {[%clk 1:16:53]}  Nd7 {[%clk 1:02:03]} 14. g3 {[%clk 1:15:37]}  e5 {[%clk 0:51:05]} 15. gxf4 {[%clk 1:14:57]}  exf4 {[%clk 0:50:27]} 16. Kh1 {[%clk 1:14:30]}  Qh4 {[%clk 0:49:15]} 17. Rg1 {[%clk 1:11:55]}  Rae8 {[%clk 0:49:29]} 18. Rg4 {[%clk 1:10:55]}  Qh6 {[%clk 0:44:40]} 19. Bd2 {[%clk 1:09:16]}  Re7 {[%clk 0:42:23]} 20. Rag1 {[%clk 1:04:24]}  Kh8 {[%clk 0:41:40]} 21. Qc1 {[%clk 1:01:04]}  Ref7 {[%clk 0:41:02]} 22. Qe1 {[%clk 0:59:56]}  Qe6 {[%clk 0:40:04]} 23. Qh4 {[%clk 0:57:25]}  Ne5 {[%clk 0:26:38]} 24. dxe5 {[%clk 0:55:21]}  dxe5 {[%clk 0:26:58]} 25. Bc1 {[%clk 0:53:56]}  Qd6 {[%clk 0:25:44]} 26. Be2 {[%clk 0:53:17]}  Qc5 {[%clk 0:23:38]} 27. Rd1 {[%clk 0:52:43]}  h6 {[%clk 0:22:07]} 28. Qe1 {[%clk 0:51:00]}  g5 {[%clk 0:20:09]} 29. Rg2 {[%clk 0:46:55]}  Qe7 {[%clk 0:19:24]} 30. Bf1 {[%clk 0:46:31]}  Bc8 {[%clk 0:18:39]} 31. Bb2 {[%clk 0:44:13]}  Rg7 {[%clk 0:18:17]} 32. c5 {[%clk 0:44:15]}  g4 {[%clk 0:17:59]} 33. cxb6 {[%clk 0:43:59]}  cxb6 {[%clk 0:17:54]} 34. c4 {[%clk 0:42:40]}  gxf3 {[%clk 0:17:47]} 35. Rxg7 {[%clk 0:43:04]}  Qxg7 {[%clk 0:18:13]} 36. Rd5 {[%clk 0:43:14]}  Re8 {[%clk 0:18:02]} 37. Qa1 {[%clk 0:40:39]}  Kh7 {[%clk 0:16:06]} 38. Bxe5 {[%clk 0:40:40]}  Qg4 {[%clk 0:16:01]} 39. Qd4 {[%clk 0:39:47]}  Rg8 {[%clk 0:14:18]} 40. Rd8 {[%clk 0:39:29]}  f2 {[%clk 0:14:02]} 41. Rxg8 {[%clk 0:39:44]} 1-0

[Event "Masters Tournament (MTO)"]
[Site "Biel, CH"]
[Date "2025.07.22"]
[Round "8"]
[White "Aryan Goyal"]
[Black "Leonov, Leonid"]
[Result "1-0"]
[Board "46"]
[WhiteFideId "366108825"]
[BlackFideId "1698052"]
[WhiteElo "1906"]
[BlackElo "2089"]
[WhiteTeam "IND"]
[BlackTeam "AUT"]
[WhiteClock "0:25:05"]
[BlackClock "0:31:37"]
[Variant "Standard"]

1. d4 {[%clk 1:40:52]}  Nf6 {[%clk 1:39:41]} 2. Nc3 {[%clk 1:41:01]}  d5 {[%clk 1:40:07]} 3. Bf4 {[%clk 1:41:27]}  g6 {[%clk 1:40:35]} 4. e3 {[%clk 1:41:43]}  Bg7 {[%clk 1:41:02]} 5. Nb5 {[%clk 1:41:43]}  Na6 {[%clk 1:41:28]} 6. h3 {[%clk 1:41:39]}  O-O {[%clk 1:41:45]} 7. Nf3 {[%clk 1:41:46]}  Ne4 {[%clk 1:42:11]} 8. Nd2 {[%clk 1:41:33]}  Nxd2 {[%clk 1:42:32]} 9. Qxd2 {[%clk 1:42:02]}  c6 {[%clk 1:42:42]} 10. Nc3 {[%clk 1:42:01]}  Nc7 {[%clk 1:43:06]} 11. Be2 {[%clk 1:41:40]}  f6 {[%clk 1:37:00]} 12. h4 {[%clk 1:40:44]}  e5 {[%clk 1:33:16]} 13. Bg3 {[%clk 1:31:11]}  Ne6 {[%clk 1:22:22]} 14. h5 {[%clk 1:25:18]}  exd4 {[%clk 1:07:54]} 15. exd4 {[%clk 1:39:31]}  f5 {[%clk 1:08:13]} 16. hxg6 {[%clk 1:37:23]}  hxg6 {[%clk 1:08:33]} 17. Be5 {[%clk 1:34:47]}  Bxe5 {[%clk 1:05:01]} 18. dxe5 {[%clk 1:29:43]}  Qg5 {[%clk 0:54:45]} 19. Qxg5 {[%clk 1:14:49]}  Nxg5 {[%clk 1:08:22]} 20. Bd3 {[%clk 1:14:37]}  Kg7 {[%clk 1:06:35]} 21. f4 {[%clk 1:05:40]}  Ne6 {[%clk 0:59:52]} 22. Ne2 {[%clk 1:02:28]}  b5 {[%clk 0:54:49]} 23. c3 {[%clk 0:57:08]}  Bd7 {[%clk 0:54:29]} 24. Kf2 {[%clk 0:51:26]}  c5 {[%clk 0:53:50]} 25. Ke3 {[%clk 0:43:48]}  a5 {[%clk 0:41:04]} 26. Rad1 {[%clk 0:33:38]}  Bc6 {[%clk 0:33:59]} 27. Rh2 {[%clk 0:29:15]}  Rh8 {[%clk 0:49:40]} 28. Rdh1 {[%clk 0:27:48]}  Rxh2 {[%clk 0:50:02]} 29. Rxh2 {[%clk 0:28:17]}  b4 {[%clk 0:29:33]} 30. g4 {[%clk 0:21:47]}  fxg4 {[%clk 0:34:07]} 31. f5 {[%clk 0:20:00]}  gxf5 {[%clk 0:34:24]} 32. Bxf5 {[%clk 0:20:08]}  Nf8 {[%clk 0:31:57]} 33. Rh4 {[%clk 0:19:33]}  bxc3 {[%clk 0:32:10]} 34. Rxg4+ {[%clk 0:19:04]}  Kf7 {[%clk 0:32:34]} 35. bxc3 {[%clk 0:18:39]}  Rb8 {[%clk 0:30:59]} 36. Nf4 {[%clk 0:14:53]}  Rb2 {[%clk 0:28:46]} 37. Ng6 {[%clk 0:08:30]}  Rxa2 {[%clk 0:19:46]} 38. Bb1 {[%clk 0:06:03]}  Rb2 {[%clk 0:17:44]} 39. Rf4+ {[%clk 0:04:58]}  Kg7 {[%clk 0:18:12]} 40. Nxf8 {[%clk 0:04:00]}  Rxb1 {[%clk 0:18:39]} 41. Ne6+ {[%clk 0:02:48]}  Kg6 {[%clk 0:18:52]} 42. Rf6+ {[%clk 0:01:16]}  Kh5 {[%clk 0:13:07]} 43. Ng7+ {[%clk 0:29:17]}  Kg5 {[%clk 0:43:35]} 44. Rxc6 {[%clk 0:28:52]}  Re1+ {[%clk 0:40:23]} 45. Kd2 {[%clk 0:28:39]}  Rxe5 {[%clk 0:40:44]} 46. Ne6+ {[%clk 0:25:45]}  Kf5 {[%clk 0:38:36]} 47. Nxc5 {[%clk 0:28:54]}  Re7 {[%clk 0:37:56]} 48. Nb3 {[%clk 0:26:51]}  Rb7 {[%clk 0:29:59]} 49. Nd4+ {[%clk 0:26:02]}  Ke4 {[%clk 0:29:28]} 50. Re6+ {[%clk 0:26:06]}  Kf4 {[%clk 0:29:48]} 51. Ra6 {[%clk 0:26:11]}  Rb2+ {[%clk 0:29:32]} 52. Kd3 {[%clk 0:26:17]}  Ra2 {[%clk 0:28:54]} 53. Nc6 {[%clk 0:26:14]}  a4 {[%clk 0:30:38]} 54. Nb4 {[%clk 0:26:18]}  Ra1 {[%clk 0:30:45]} 55. Nxd5+ {[%clk 0:26:21]}  Ke5 {[%clk 0:31:08]} 56. Nb6 {[%clk 0:26:38]}  Kd6 {[%clk 0:29:36]} 57. Nxa4+ {[%clk 0:26:21]}  Kc7 {[%clk 0:30:00]} 58. Nc5 {[%clk 0:26:42]}  Rh1 {[%clk 0:29:59]} 59. Kd4 {[%clk 0:26:25]}  Rh4+ {[%clk 0:30:17]} 60. Kd5 {[%clk 0:25:56]}  Rh5+ {[%clk 0:30:39]} 61. Kc4 {[%clk 0:26:20]}  Rh4+ {[%clk 0:31:01]} 62. Kb5 {[%clk 0:26:43]}  Rh1 {[%clk 0:31:14]} 63. Rc6+ {[%clk 0:26:26]}  Kb8 {[%clk 0:31:18]} 64. Na6+ {[%clk 0:26:22]}  Ka7 {[%clk 0:31:38]} 65. Rc7+ {[%clk 0:25:40]}  Ka8 {[%clk 0:31:59]} 66. Nb4 {[%clk 0:25:32]}  Rh5+ {[%clk 0:31:37]} 67. Kb6 {[%clk 0:25:05]} 1-0

[Event "Masters Tournament (MTO)"]
[Site "Biel, CH"]
[Date "2025.07.22"]
[Round "8"]
[White "Cordes, Jule"]
[Black "Stevens, Christian"]
[Result "1/2-1/2"]
[Board "47"]
[WhiteFideId "1060708"]
[BlackFideId "649090"]
[WhiteElo "1946"]
[BlackElo "2050"]
[WhiteTeam "NED"]
[BlackTeam "FRA"]
[WhiteClock "0:00:52"]
[BlackClock "0:06:53"]
[Variant "Standard"]

1. d4 {[%clk 1:40:56]}  Nf6 {[%clk 1:40:46]} 2. c4 {[%clk 1:41:15]}  g6 {[%clk 1:41:07]} 3. f3 {[%clk 1:41:34]}  Bg7 {[%clk 1:40:52]} 4. e4 {[%clk 1:41:53]}  d6 {[%clk 1:41:16]} 5. Nc3 {[%clk 1:42:08]}  O-O {[%clk 1:41:34]} 6. Nge2 {[%clk 1:42:23]}  Nc6 {[%clk 1:41:23]} 7. d5 {[%clk 1:30:35]}  Ne5 {[%clk 1:40:51]} 8. Nd4 {[%clk 1:29:43]}  c5 {[%clk 1:37:56]} 9. Nc2 {[%clk 1:22:55]}  Ne8 {[%clk 1:33:37]} 10. Be2 {[%clk 1:20:49]}  f5 {[%clk 1:17:26]} 11. exf5 {[%clk 1:14:08]}  gxf5 {[%clk 1:15:13]} 12. f4 {[%clk 1:07:10]}  Ng4 {[%clk 1:10:15]} 13. h3 {[%clk 1:03:25]}  Ngf6 {[%clk 1:07:49]} 14. O-O {[%clk 0:50:09]}  Ne4 {[%clk 0:51:41]} 15. Nxe4 {[%clk 0:48:08]}  fxe4 {[%clk 0:52:04]} 16. Rb1 {[%clk 0:45:05]}  Qa5 {[%clk 0:36:45]} 17. a3 {[%clk 0:42:39]}  a6 {[%clk 0:36:25]} 18. b4 {[%clk 0:33:52]}  Qc7 {[%clk 0:34:12]} 19. Bb2 {[%clk 0:31:11]}  Nf6 {[%clk 0:32:36]} 20. Ne3 {[%clk 0:29:30]}  cxb4 {[%clk 0:26:42]} 21. axb4 {[%clk 0:29:43]}  b5 {[%clk 0:26:51]} 22. cxb5 {[%clk 0:21:01]}  axb5 {[%clk 0:26:33]} 23. Qb3 {[%clk 0:19:51]}  Bd7 {[%clk 0:21:46]} 24. Rbc1 {[%clk 0:13:46]}  Qb6 {[%clk 0:20:38]} 25. Kh2 {[%clk 0:12:07]}  Ra4 {[%clk 0:18:34]} 26. Nc2 {[%clk 0:11:16]}  Rfa8 {[%clk 0:17:31]} 27. Nd4 {[%clk 0:09:42]}  Ra2 {[%clk 0:12:35]} 28. Rc2 {[%clk 0:06:10]}  Rxb2 {[%clk 0:10:27]} 29. Qxb2 {[%clk 0:03:22]}  Nxd5 {[%clk 0:10:43]} 30. Rd1 {[%clk 0:00:41]}  Nxf4 {[%clk 0:08:00]} 31. Qb3+ {[%clk 0:00:38]}  Kh8 {[%clk 0:08:20]} 32. Rcd2 {[%clk 0:00:34]}  Ng6 {[%clk 0:07:03]} 33. Bg4 {[%clk 0:00:35]}  Bxg4 {[%clk 0:03:41]} 34. hxg4 {[%clk 0:01:04]}  Qc7 {[%clk 0:03:41]} 35. g3 {[%clk 0:00:53]}  Qd7 {[%clk 0:03:06]} 36. Nf5 {[%clk 0:00:43]}  Ne5 {[%clk 0:03:07]} 37. Kh3 {[%clk 0:00:37]}  Bf6 {[%clk 0:02:01]} 38. Qd5 {[%clk 0:00:34]}  Rg8 {[%clk 0:02:15]} 39. Qxe4 {[%clk 0:00:42]}  Rxg4 {[%clk 0:02:21]} 40. Qc2 {[%clk 0:00:46]}  Rc4 {[%clk 0:02:30]} 41. Qb1 {[%clk 0:30:08]}  Nf7 {[%clk 0:21:42]} 42. Kh2 {[%clk 0:21:53]}  Ng5 {[%clk 0:19:16]} 43. Rd5 {[%clk 0:18:47]}  Qc6 {[%clk 0:13:22]} 44. Ne3 {[%clk 0:16:20]}  Rc3 {[%clk 0:12:42]} 45. R5d3 {[%clk 0:14:38]}  Nf3+ {[%clk 0:11:54]} 46. Kh3 {[%clk 0:14:52]}  Ng5+ {[%clk 0:09:38]} 47. Kh2 {[%clk 0:14:41]}  Qf3 {[%clk 0:09:05]} 48. Rxc3 {[%clk 0:07:28]}  Qe2+ {[%clk 0:09:04]} 49. Ng2 {[%clk 0:07:24]}  Bxc3 {[%clk 0:09:01]} 50. Qd3 {[%clk 0:05:19]}  Qxd3 {[%clk 0:05:52]} 51. Rxd3 {[%clk 0:05:45]}  Bxb4 {[%clk 0:06:15]} 52. Rb3 {[%clk 0:04:33]}  Bc5 {[%clk 0:06:18]} 53. Rxb5 {[%clk 0:04:36]}  Kg7 {[%clk 0:05:50]} 54. Nf4 {[%clk 0:04:40]}  Nf3+ {[%clk 0:05:25]} 55. Kg2 {[%clk 0:02:51]}  Ne5 {[%clk 0:05:42]} 56. Ne6+ {[%clk 0:02:06]}  Kf6 {[%clk 0:06:03]} 57. Nxc5 {[%clk 0:02:31]}  dxc5 {[%clk 0:06:28]} 58. Rxc5 {[%clk 0:02:58]}  e6 {[%clk 0:06:44]} 59. Rc7 {[%clk 0:02:37]}  h6 {[%clk 0:06:58]} 60. Rh7 {[%clk 0:02:12]}  Kg6 {[%clk 0:07:21]} 61. Ra7 {[%clk 0:01:54]}  Kf6 {[%clk 0:07:32]} 62. Kf2 {[%clk 0:01:54]}  Kf5 {[%clk 0:06:46]} 63. Ra4 {[%clk 0:01:06]}  h5 {[%clk 0:06:19]} 64. Rf4+ {[%clk 0:00:45]}  Kg5 {[%clk 0:06:38]} 65. Re4 {[%clk 0:00:53]}  Kf5 {[%clk 0:06:53]} 66. Ra4 {[%clk 0:00:52]} 1/2-1/2